All African Premier League Players Ever - Statistics

General Stats
  • This quiz has been taken 99 times
    21 since last reset
  • The average score is 83 of 436
Answer Stats
Nation Teams Played For Years Player % Correct
Algeria Leicester, Man City 2014-23 Riyad Mahrez
84%
Ivory Coast Chelsea 2004-12, 2014-15 Didier Drogba
79%
Gabon Arsenal, Chelsea 2017-23 Pierre-Emerick Aubameyang
79%
Senegal Southampton, Liverpool 2014-22 Sadio Mane
79%
Senegal Southampton 1996-97 Ali Dia
74%
Egypt Chelsea, Liverpool 2013-14, 2017-present Mohamed Salah
74%
Senegal Fulham 2023-24 Fode Ballo-Toure
68%
Ivory Coast Arsenal, Man City, Liverpool 2002-16 Kolo Toure
68%
Cameroon Chelsea, Everton 2013-15 Samuel Eto'o
68%
Ivory Coast Man City 2010-18 Yaya Toure
68%
Senegal Birmingham, Portsmouth 2002-06 Aliou Cisse
63%
Senegal West Ham, Newcastle, Chelsea 2010-14 Demba Ba
63%
Mauritania Sunderland 2013-14 El-Hadji Ba
63%
Togo Arsenal, Man City, Spurs, Crystal Palace 2005-16 Emmanuel Adebayor
63%
Guinea Fulham 2018-19 Ibrahima Cisse
63%
Mali Reading 2007-08 Kalifa Cisse
63%
Senegal Newcastle 2011-16 Papiss Cisse
63%
Cameroon Arsenal, Charlton, West Ham 2005-12, 2014-16 Alex Song
58%
Ivory Coast Manchester United 2020-21, 2023-present Amad Diallo
58%
Ghana Swansea, West Ham, Forest 2015-18, 2022-23 Andre Ayew
58%
Cameroon Manchester United 2023-25 Andre Onana
58%
Senegal Arsenal, Portsmouth, QPR 2007-10, 2011-13, 2014-15 Armand Traore
58%
Ivory Coast Sheff Utd 2023-24 Benie Traore
58%
Burkina Faso Chelsea, Aston Villa, Sunderland 2015-16, 2020-24, 2025-present Bertrand Traore
58%
Mali Wolves 2022-24 Boubacar Traore
58%
Cameroon Brentford, Manchester United 2021-present Bryan Mbeumo
58%
Mali Liverpool, Charlton, Portsmouth 2000-01, 2002-08 Djimi Traore
58%
Senegal Chelsea 2020-23 Edouard Mendy
58%
Ivory Coast Bournemouth 2022-24 Hamed Traore
58%
Senegal Aston Villa, Everton 2015-19, 2022-present Idrissa Gueye
58%
Ghana Aston Villa, Swansea, Crystal Palace, Leicester 2015-23 Jordan Ayew
58%
Ivory Coast Everton 2013-14 Lacina Traore
58%
Senegal Everton 2010-14 Magaye Gueye
58%
Senegal Leicester 2016-23 Nampalys Mendy
58%
Cameroon Liverpool, West Ham 1998-2002 Rigobert Song
58%
Nigeria Arsenal, Everton, Fulham 2015-present Alex Iwobi
53%
Ghana Bournemouth, Man City 2022-present Antoine Semenyo
53%
Senegal Liverpool, Bolton, Sunderland, Blackburn 2002-11 El Hadji Diouf
53%
Senegal West Ham 2025-present El Hadji Malick Diouf
53%
Liberia Chelsea, Man City 1999-2001 George Weah
53%
Senegal Watford, Crystal Palace 2019-20, 2021-22, 2024-present Ismaila Sarr
53%
Nigeria Chelsea 2006-16 John Obi Mikel
53%
Senegal Chelsea 2025-present Mamadou Sarr
53%
Senegal Manchester United, Blackburn, Stoke 2009-11, 2014-18 Mame Biram Diouf
53%
Ghana Chelsea 2005-12, 2013-14 Michael Essien
53%
Guinea Liverpool 2018-23 Naby Keita
53%
Egypt Man City 2024-present Omar Marmoush
53%
Senegal Spurs 2022-present Pape Sarr
53%
Nigeria Man City, Leicester 2015-23 Kelechi Iheanacho
47%
Egypt Arsenal 2015-19, 2020-24 Mohamed Elneny
47%
Algeria Wolves, Man City 2020-present Rayan Ait-Nouri
47%
Ghana Arsenal 2020-present Thomas Partey
47%
Nigeria Leicester 2016-23, 2024-25 Wilfred Ndidi
47%
Nigeria Everton, Fulham. Leicester 2016-19, 2020-22 Ademola Lookman
42%
Ivory Coast Sunderland 2025-present Jocelyn Ta Bi
42%
Cameroon Liverpool 2016-24 Joel Matip
42%
Senegal Chelsea 2022-23 Kalidou Koulibaly
42%
Gabon Southampton, Fulham, Wolves 2017-19, 2020-21, 2022-25 Mario Lemina
42%
Mali Liverpool 2005-08 Mohamed Sissoko
42%
Senegal Chelsea 2023-25 Nicolas Jackson
42%
Ivory Coast Arsenal 2019-22 Nicolas Pepe
42%
Morocco Watford 2015-18 Nordin Amrabat
42%
Nigeria Arsenal, West Brom, Portsmouth 1998-2010 Nwankwo Kanu
42%
Ivory Coast Chelsea 2006-12 Salomon Kalou
42%
Morocco Manchester United 2023-24 Sofyan Amrabat
42%
Ivory Coast Man United, Cardiff, Crystal Palace 2013-23 Wilfried Zaha
42%
DR Congo Crystal Palace, Manchester United, West Ham 2017-present Aaron Wan-Bissaka
37%
Mali Everton 2016-25 Abdoulaye Doucoure
37%
Morocco Man City 2017-18 Brahim Diaz
37%
Cameroon Brighton 2023-present Carlos Baleba
37%
Mali Crystal Palace 2023-present Cheick Doucoure
37%
Ivory Coast Arsenal 2004-11 Emmanuel Eboue
37%
Ivory Coast Manchester United 2016-22 Eric Bailly
37%
Senegal Sunderland 2025-present Habib Diarra
37%
Morocco Chelsea 2020-23 Hakim Ziyech
37%
Tunisia Manchester United, Burnley 2020-22, 2023-24, 2025-present Hannibal Mejbri
37%
Algeria Leicester, Newcastle 2016-18, 2020-21 Islam Slimani
37%
Nigeria Bolton 2002-06 Jay-Jay Okocha
37%
Ghana Charlton 2004-07 Lloyd Sam
37%
Mali Fulham 2011-13 Mahamadou Diarra
37%
Egypt Spurs, Middlesbrough, Wigan, West Ham 2004-10 Mido
37%
Ghana West Ham, Spurs 2023-present Mohammed Kudus
37%
Morocco West Ham 2022-24 Nayef Aguerd
37%
Zambia Leicester 2021-23, 2024-25 Patson Daka
37%
Nigeria Wigan, Chelsea, Liverpool, Stoke, West Ham 2009-19 Victor Moses
37%
Kenya Southampton, Spurs 2013-20 Victor Wanyama
37%
Ivory Coast Swansea, Man City, Stoke 2013-18 Wilfried Bony
37%
DR Congo Brentford, Newcastle 2021-present Yoane Wissa
37%
Ivory Coast Wigan. Everton 2012-17 Arouna Kone
32%
Ghana Sunderland 2010-12 Asamoah Gyan
32%
DR Congo Manchester United, Aston Villa, Ipswich, Burnley 2016-18, 2019-22, 2024-present Axel Tuanzebe
32%
Cameroon Spurs 2006-13 Benoit Assou-Ekotto
32%
Ghana Fulham 2013-14 Derek Boateng
32%
Morocco West Ham, Fulham 2018-present Issa Diop
32%
Ghana Spurs, Portsmouth 2007-10 Kevin-Prince Boateng
32%
Ivory Coast Sunderland 2015-17 Lamine Kone
32%
Morocco Arsenal, West Ham, Crystal Palace 2010-16 Marouane Chamakh
32%
Morocco Manchester United 2024-present Noussair Mazraoui
32%
Nigeria Newcastle, Birmingham 2006-09, 2010-11 Obafemi Martins
32%
Nigeria Watford, Manchester United 2015-17, 2019-21 Odion Ighalo
32%
Senegal Fulham, Portsmouth 2004-10 Papa Bouba Diop
32%
Algeria West Ham 2020-24 Said Benrahma
32%
Burundi West Brom, Stoke 2013-18 Saido Berahino
32%
Ivory Coast Brighton 2023-present Simon Adingra
32%
South Africa Everton, Spurs, Sunderland 2007-17 Steven Pienaar
32%
Egypt Aston Villa 2019-22 Trezeguet
32%
Nigeria Portsmouth, Middlesbrough, Everton, Blackburn 2003-12 Yakubu
32%
DR Congo Crystal Palace, Everton 2013-18 Yannick Bolasie
32%
Mali Brighton, Spurs 2018-present Yves Bissouma
32%
Morocco Spurs, QPR, Fulham 2006-09, 2011-15 Adel Taarabt
26%
Senegal Sunderland, Hull 2012-13 Alfred N'Diaye
26%
Senegal Stoke 2017-18 Badou Ndiaye
26%
Guinea-Bissau Everton 2023-present Beto
26%
Ivory Coast Newcastle 2010-16 Cheick Tiote
26%
Cameroon Manchester United, Aston Villa 2003-07 Eric Djemba-Djemba
26%
Ivory Coast Arsenal 2011-13 Gervinho
26%
Senegal Sheffield United, Everton 2020-21, 2024-present Iliman Ndiaye
26%
Nigeria Watford 2016-17. 2018-20 Isaac Success
26%
Ghana Sunderland 2009-11 John Mensah
26%
Cameroon Arsenal, Portsmouth 2000-08 Lauren
26%
South Africa Burnley 2023-24, 2025-present Lyle Foster
26%
Algeria Spurs, Newcastle 2013-16, 2019-20 Nabil Bentaleb
26%
Ghana Aston Villa, Coventry 1994-96 Nii Lamptey
26%
Nigeria Chelsea, Fulham. Forest 2016-17, 2020-21, 2023-present Ola Aina
26%
Ivory Coast Spurs, Forest 2017-21, 2022-24 Serge Aurier
26%
Ghana Chelsea, Brighton 2019-25 Tariq Lamptey
26%
Tunisia Sunderland 2015-17 Wahbi Khazri
26%
Egypt West Brom 2017-18, 2020-21 Ahmed Hegazi
21%
Nigeria Leicester 2016-17 Ahmed Musa
21%
Ghana Chelsea 2015-16 Baba Rahman
21%
Cape Verde Manchester United 2010-11 Bebe
21%
Zimbabwe Portsmouth, Man City, Sunderland, Blackburn 2005-11 Benjani
21%
Morocco Leicester 2024-25 Bilal El Khannouss
21%
Nigeria Fulham 2023-present Calvin Bassey
21%
Nigeria Chelsea, Newcastle 1997-2007 Celestine Babayaro
21%
Senegal West Ham, Crystal Palace, Forest 2014-24 Cheikhou Kouyate
21%
Cameroon Spurs 2015-16 Clinton N'Jie
21%
Burkina Faso Bournemouth, Brentford 2022-present Dango Ouattara
21%
Ghana Leicester 2015-19, 2020-23 Daniel Amartey
21%
Ivory Coast Chelsea, Burnley 2022-24 David Datro Fofana
21%
Senegal West Ham 2014-18 Diafra Sakho
21%
Nigeria Brentford 2021- Frank Onyeka
21%
Cameroon Middlesbrough, Chelsea, Newcastle 2002-09 Geremi
21%
Ivory Coast Forest 2023-present Ibrahim Sangare
21%
Ghana Leicester, Crystal Palace 2014-25 Jeffrey Schlupp
21%
Senegal Leeds 2003-04 Lamine Sakho
21%
Zimbabwe Aston Villa, Luton 2019-22, 2023-24 Marvelous Nakamba
21%
Ivory Coast Burnley, West Ham, Southampton 2021-25 Maxwel Cornet
21%
Gambia Swansea 2014-17 Modou Barrow
21%
Senegal Everton, Hull, Cardiff 2015-20 Oumar Niasse
21%
Nigeria West Brom, Cardiff, Stoke 2010-16 Peter Odemwingie
21%
South Africa Manchester United, Bolton 1999-2005, 2006-07 Quinton Fortune
21%
Morocco Wolves 2018-22 Roman Saiss
21%
Egypt Ipswich 2024-25 Sam Morsy
21%
Nigeria Newcastle 2010-15 Sammy Ameobi
21%
Nigeria Fulham 2025-present Samuel Chukwueze
21%
Cameroon Newcastle, Spurs, Wolves, Norwich 2008-14, 2015-16 Sebastien Bassong
21%
Nigeria Newcastle, Crystal Palace 2000-09, 2010-15 Shola Ameobi
21%
Benin Sunderland, West Brom 2010-16 Stephane Sessegnon
21%
Ghana Portsmouth, Sunderland 2007-08, 2010-11 Sulley Muntari
21%
Ghana Leeds 1994-97 Tony Yeboah
21%
Ivory Coast Wolves, Forest 2018-present Willy Boly
21%
Gambia Brighton 2024-present Yankuba Minteh
21%
Tunisia Southampton 2018-23 Yan Valery
21%
Senegal Bolton, Newcastle, Stoke, Hull 2005-11, 2013-14 Abdoulaye Faye
16%
Mauritania Fulham 2018-19, 2020-21 Aboubakar Kamara
16%
Senegal Portsmouth, Newcastle, Charlton, Stoke 2003-07, 2008-09 Amdy Faye
16%
Egypt Wigan, Hull City 2008-10 Amr Zaki
16%
DR Congo West Ham 2016-22 Arthur Masuaku
16%
South Africa Blackburn, West Ham 2006-11 Benni McCarthy
16%
Nigeria Bolton 2004-05 Blessing Kaku
16%
Gabon Cardiff 2018-19 Bruno Ecuele Manga
16%
DR Congo Newcastle 2015-16, 2017-18 Chancel Mbemba
16%
Ghana Everton, Newcastle 2014-15, 2017-20 Christian Atsu
16%
Congo Blackburn, QPR 2006-13 Christopher Samba
16%
DR Congo Norwich, Hull 2015-17 Dieumerci Mbokani
16%
Senegal Portsmouth, West Brom, Fulham 2004-06, 2007-11 Diomansy Kamara
16%
Ghana Arsenal, Wolves, Fulham 2011-13 Emmanuel Frimpong
16%
Zambia Brighton 2021-23 Enock Mwepu
16%
Ivory Coast Aston Villa, Crystal Palace 2025-present Evann Guessand
16%
Mali West Ham, Spurs 1999-2006 Frederic Kanoute
16%
DR Congo Chelsea, Fulham, Bolton 2009-12 Gael Kakuta
16%
Cameroon Brighton 2017-20 Gaetan Bong
16%
DR Congo West Ham, West Brom 2018-19, 2020-21 Grady Diangana
16%
Ivory Coast Watford 2021-22 Hassane Kamara
16%
Angola Wolves, Leeds 2018-19, 2020-22 Helder Costa
16%
Senegal Wolves, Southampton, Wigan, West Ham, Stoke 2003-09 Henri Camara
16%
Burkina Faso Luton 2023-24 Issa Kabore
16%
Ivory Coast Chelsea 2017-18 Jeremie Boga
16%
Nigeria Everton, Norwich 2002-10, 2013-14 Joseph Yobo
16%
Sierra Leone Norwich 2012-13 Kei Kamara
16%
South Africa Leeds 1994-2001, 2002-04 Lucas Radebe
16%
Algeria Charlton 2006-07 Majhid Bougherra
16%
Angola Manchester United, Hull City 2008-09 Manucho
16%
Morocco West Ham 2009-11 Manuel da Costa
16%
Cameroon West Ham, Man City 1998-2000, 2002-03 Marc-Vivien Foe
16%
Senegal Watford 2016-17 M'Baye Niang
16%
Tanzania Aston Villa 2019-20 Mbwana Samatta
16%
Guinea Derby 2007-08 Mo Camara
16%
Ghana Southampton 2022-23 Mohammed Salisu
16%
Morocco Coventry, Aston Villa 1999-2004 Mustapha Hadji
16%
Morocco Spurs 2004-06 Noureddine Naybet
16%
Equatorial Guinea West Ham 2015-19 Pedro Obiang
16%
Algeria Leicester 2018-19 Rachid Ghezzal
16%
Mozambique Sunderland 2025-present Reinildo
16%
Senegal Liverpool, Birmingham, Portsmouth, Stoke 2002-06, 2008-12 Salif Diao
16%
Algeria West Ham 2016-17 Sofiane Feghouli
16%
Benin Huddersfield 2017-19 Steve Mounie
16%
Nigeria Forest 2022-present Taiwo Awoniyi
16%
Guinea Liverpool, West Ham 1999-03 Titi Camara
16%
DR Congo Manchester United 2023-24 Willy Kambwala
16%
Tunisia Leicester 2015-18 Yohan Benalouane
16%
Ghana Leicester 2024-25 Abdul Fatawu
11%
Ivory Coast Man City 2010-13 Abdul Razak
11%
Morocco Watford 2018-20, 2021-22 Adam Masina
11%
Algeria Wolves, Crystal Palace, Watford, Middlesbrough 2009-12, 2013-17 Adlene Guedioura
11%
Egypt Sunderland, Hull, Aston Villa 2010-15, 2016-17, 2019-21 Ahmed Elmohamady
11%
Egypt Sheff Utd 2006-07 Ahmed Fathy
11%
Cameroon Fulham 2018-19, 2020-21 Andre-Frank Zambo Anguissa
11%
Tunisia Sheff Utd 2023-24 Anis Ben Slimane
11%
Zimbabwe Liverpool, Southampton 1992-96 Bruce Grobbelaar
11%
Nigeria Crystal Palace 2025-present Christantus Uche
11%
Liberia Arsenal 1997-99 Christopher Wreh
11%
Senegal Hull City, Sunderland 2014-16 Dame N'Doye
11%
Nigeria Everton 1994-96 Daniel Amokachi
11%
Ghana Fulham 2018-19, 2020-21 Denis Odoi
11%
Ivory Coast Spurs 2006-09 Didier Zokora
11%
Nigeria Norwich, Wimbledon 1992-99 Efan Ekoku
11%
Equatorial Guinea Middlesbrough 2016-17 Emilio Nsue
11%
Ivory Coast Wolves 2024-26 Emmanuel Agbadou
11%
Nigeria West Ham 2015-16 Emmanuel Emenike
11%
Cameroon Stoke 2017-18 Eric Choupo-Moting
11%
Cameroon Spurs, Burnley 2016-20 Georges-Kevin Nkoudou
11%
DR Congo Stoke 2015-17 Giannelli Imbula
11%
Senegal Newcastle, Aston Villa 2007-11 Habib Beye
11%
Egypt Spurs, Derby 2006-08 Hossam Ghaly
11%
Ivory Coast Fulham 2018-19 Jean Michael Seri
11%
Ivory Coast Everton 2019-22 Jean-Philippe Gbamin
11%
Nigeria Southampton 2022-23, 2024-25 Joe Aribo
11%
Nigeria Portsmouth 2007-10 John Utaka
11%
Zimbabwe Bournemouth 2022-23 Jordan Zemura
11%
Cameroon Middlesbrough 2000-06 Joseph-Desire Job
11%
Ghana Sheff Wed 1997-99 Junior Agogo
11%
Ghana Southampton 2022-23, 2024-25 Kamaledeen Sulemana
11%
DR Congo Newcastle 2007-09, 2010-11 Kazenga LuaLua
11%
DR Congo Newcastle, Portsmouth 2000-07 Lomana LuaLua
11%
Ivory Coast Bournemouth 2015-17 Max Gradel
11%
Seychelles Chelsea, Wolves 2008-11 Michael Mancienne
11%
Mali Southampton 2019-23 Moussa Djenepo
11%
Senegal Forest 2022-24 Moussa Niakhate
11%
Algeria Portsmouth 2008-10 Nadir Belhadj
11%
Nigeria Southampton 2020-22 Nathan Tella
11%
DR Congo Fulham 2018-19, 2020-21, 2022-23 Neeskens Kebano
11%
Cameroon Watford 2021-22 Nicolas Nkoulou
11%
Senegal Sunderland 2016-17 Papy Djilobodji
11%
Nigeria Southampton 2022-23, 2024-25 Paul Onuachu
11%
Cape Verde West Brom 2008-09 Pele
11%
DR Congo Luton 2023-24 Pelly Ruddock-Mpanzu
11%
South Africa Brighton 2020-21 Percy Tau
11%
Zimbabwe Coventry 1992-97 Peter Ndlovu
11%
Ghana Arsenal, Portsmouth 2004-06, 2009-10 Quincy Owusu-Abeyie
11%
Tunisia Bolton, Birmingham 2004-06, 2007-08 Rahdi Jaidi
11%
Egypt Stoke, Huddersfield 2016-19 Ramadan Sobhi
11%
Morocco Southampton 2016-18, 2019-20 Sofiane Boufal
11%
Ivory Coast Cardiff 2018-19 Sol Bamba
11%
Cameroon QPR 2012-13 Stephane Mbia
11%
Sierra Leone Swansea, Spurs, Cardiff, QPR, Southampton, Liverpool 2011-16 Steven Caulker
11%
Nigeria Derby 2000-01 Taribo West
11%
Ghana Brentford 2021-22 Tarique Fosu
11%
Nigeria Wolves 2025-present Tolu Arokodare
11%
Nigeria Everton, West Brom, Sunderland 2005-17 Victor Anichebe
11%
Mali Leicester 2024-25 Woyo Coulibaly
11%
Nigeria Norwich, Leicester, Sheff Utd 1993-95, 2000-02, 2006-07 Ade Akinbyi
5%
Ghana Middlesbrough 2016-17 Albert Adomah
5%
Liberia Man City 2009-10 Alex Nimely
5%
Ghana Everton 2000-01, 2003-04 Alex Nyarko
5%
Algeria Man City 2002-03 Ali Benarbia
5%
Cameroon Watford, West Brom 2015-18 Allan Nyom
5%
Morocco Bournemouth 2025-present Amine Adli
5%
Morocco Burnley 2022-23 Anass Zaroury
5%
Cameroon Reading, Burnley 2006-08, 2009-10 Andre Bikey
5%
Ivory Coast Portsmouth 2009-10 Aruna Dindane
5%
Mali Crystal Palace 2015-19 Bakary Sako
5%
DR Congo Everton 2017-18 Beni Baningime
5%
DR Congo Bournemouth 2015-18 Benik Afobe
5%
Zimbabwe Everton, West Brom 2014-17 Brendan Galloway
5%
Nigeria West Brom 2014-15 Brown Ideye
5%
Nigeria Wolves 2011-12 Carl Ikeme
5%
Morocco Crystal Palace 2024-present Chaidi Riad
5%
Morocco Sunderland 2025-present Chemsdine Talbi
5%
Nigeria Arsenal 2013-15 Chuba Akpom
5%
Sierra Leone West Brom, Aston Villa, Birmingham, Hull 2007-11, 2013-15, 2016-17 Curtis Davies
5%
Ghana Burnley 2016-17 Dan Agyei
5%
Gabon Hull City 2008-10 Daniel Cousin
5%
Nigeria Sunderland, Fulham 2007-12 Dickson Etuhu
5%
Gabon Sunderland 2016-17 Didier Ndong
5%
Algeria Man City 2002-03 Djamel Belmadi
5%
Senegal Bolton 2001-02 Djibril Diawara
5%
DR Congo Watford 2021-22 Edo Kayembe
5%
DR Congo Huddersfield 2017-19 Elias Kachunga
5%
Nigeria Watford, Forest 2021-23 Emmanuel Dennis
5%
Zambia Southampton 2012-13, 2014-15 Emmanuel Mayuka
5%
Togo Fulham 2018-19 Floyd Ayite
5%
Mali Leicester 2017-19 Fousseni Diabate
5%
Nigeria Luton 2023-24 Gabriel Osho
5%
Burundi Newcastle 2012-13 Gael Bigirimana
5%
Egypt Hull City 2013-14 Gedo
5%
Ivory Coast West Ham 2011-15 Guy Demel
5%
Algeria Watford, Fulham 2006-08 Hameur Bouazza
5%
Morocco Southampton, Aston Villa, Wolves 1998-2002, 2003-04 Hassan Kachloul
5%
Algeria Portsmouth 2009-10 Hassan Yebda
5%
Tunisia Man City 2006-07 Hatem Trabelsi
5%
Senegal Newcastle 2015-16, 2017-18 Henri Saivet
5%
DR Congo West Ham 2008-11 Herita Ilunga
5%
Ivory Coast Everton 1998-99 Ibrahima Bakayoko
5%
Morocco Watford 2021-22 Imran Louza
5%
Cameroon Wolves 2025-present Jackson Tchatchoua
5%
Cameroon Aston Villa 2010-11 Jean Makoun
5%
Ghana Leicester 2015-16 Joe Dodoo
5%
Ghana West Ham, Fulham 2006-11 John Paintsil
5%
Ivory Coast Aston Villa 2019-20 Jonathan Kodjia
5%
Nigeria Fulham 2020-21 Josh Maja
5%
Guinea Arsenal, West Ham 1998-99, 2000-01 Kaba Diawara
5%
South Africa Fulham, Crystal Palace 2009-11, 2013-14 Kagisho Dikgacoi
5%
Algeria Hull City 2009-10 Kamel Ghilas
5%
Guinea Hull City 2008-10 Kamil Zayatte
5%
Morocco Aston Villa 2012-14 Karim El Ahmadi
5%
Nigeria Man City 2007-09 Kelvin Etuhu
5%
Nigeria Brighton 2018-19 Leon Balogun
5%
Mali Stoke 2008-11 Mamady Sidibe
5%
Angola Burnley 2023-24 Manuel Benson
5%
South Africa Bolton, Charlton 1997-98, 2000-05 Mark Fish
5%
Zimbabwe Wolves 2024-26 Marshall Munetsi
5%
Ivory Coast Fulham 2024-25 Martial Godo
5%
Mali Newcastle 2012-16, 2017-18 Massadio Haidara
5%
Senegal West Brom 2020-21 Mbaye Diagne
5%
Algeria Newcastle 2014-15 Mehdi Abeid
5%
Tunisia Birmingham 2004-06, 2007-08 Mehdi Nafti
5%
Mali West Ham 2012-15 Modibo Maiga
5%
Senegal Wigan, West Ham, Hull, Newcastle 2009-15, 2016-17 Mohamed Diame
5%
Egypt Middlesbrough 2007-09 Mohamed Shawky
5%
Mali Watford 2017-18 Molla Wague
5%
Togo Aston Villa 2007-08 Moustapha Salifou
5%
Morocco Liverpool 2006-07, 2008-10 Nabil El Zhar
5%
Burkina Faso Wolves 2024-25 Nasser Djiga
5%
DR Congo Sunderland 2025-present Noah Sadiki
5%
Morocco Liverpool, Stoke 2012-15 Oussama Assaidi
5%
Senegal Crystal Palace 2014-19 Pape Souare
5%
Algeria Fulham 2010-11 Rafik Halliche
5%
Ghana Birmingham, Wigan, Blackpool 2007-09, 2010-11 Richard Kingson
5%
Benin Cardiff, Aston Villa, Middlesbrough 2013-14, 2015-17 Rudy Gestede
5%
Mali QPR 2011-13 Samba Diakite
5%
Nigeria Reading 2006-07 Sam Sodje
5%
Nigeria Watford 2021-22 Samuel Kalu
5%
Ivory Coast West Ham 2019-21 Sebastien Haller
5%
Nigeria West Brom 2020-21 Semi Ajayi
5%
Ivory Coast Newcastle 2015-16 Seydou Doumbia
5%
Nigeria Stoke, Hull 2008-10 Seyi Olofinjana
5%
South Africa Charlton 2000-06 Shaun Bartlett
5%
Ivory Coast Bournemouth 2022-23 Siriki Dembele
5%
Cameroon West Brom 2010-12 Somen Tchoyi
5%
Senegal Charlton 2006-07 Souleymane Diawara
5%
Sierra Leone Crystal Palace 2015-18 Sullay Kaikai
5%
Morocco Sunderland, Charlton 2002-03, 2004-07 Talal El Karkouri
5%
Zimbabwe Wolves 2023-24, 2025-present Tawanda Chirewa
5%
Nigeria QPR 2011-12 Taye Taiwo
5%
Cameroon Spurs 2004-05 Timothee Atouba
5%
South Africa Bournemouth 2015-16 Tokelo Rantie
5%
Nigeria West Ham 2010-11 Victor Obinna
5%
Nigeria Watford 2021-22 William Troost-Ekong
5%
Mali Aston Villa 2012-14 Yacouba Sylla
5%
Ivory Coast Hull City 2013-15 Yannick Sagbo
5%
Morocco Norwich 2004-05 Youssef Safri
5%
DR Congo West Brom, Norwich 2008-09, 2010-16 Youssouf Mulumbu
5%
South Africa Blackburn, Portsmouth 2004-10 Aaron Mokoena
0%
Morocco Huddersfield 2017-19 Abdelhamid Sabiri
0%
Ivory Coast Bolton, West Brom 2006-09, 2010-11 Abdoulaye Meite
0%
Morocco Fulham 2001-03 Abseslam Ouaddou
0%
Sierra Leone Watford 2006-07 Al Bangura
0%
Sierra Leone Watford 2006-07 Albert Jarrett
0%
Congo Blackburn 2009-11 Amine Linganzi
0%
DR Congo Portsmouth 2006-09 Arnold Mvuemba
0%
Cape Verde Sunderland 2013-14 Cabral
0%
Congo West Ham, Sunderland 2000-01, 2005-06 Christian Bassila
0%
Zambia Portsmouth 2005-06 Collins Mbesuma
0%
Nigeria Watford, Bolton 2006-07, 2008-09 Danny Shittu
0%
Ghana Fulham 2002-03, 2004-05 Elvis Hammond
0%
Ivory Coast Reading 2007-08 Emerse Fae
0%
Nigeria West Ham 1997-99 Emmanuel Omoyinmi
0%
South Africa Barnsley 1997-98 Eric Tinkler
0%
Cameroon Fulham 2012-13 Eyong Enoh
0%
Senegal Birmingham 2002-03 Ferdinand Coly
0%
Nigeria Ipswich 2001-02 Finidi George
0%
Cameroon Portsmouth 2005-06, 2007-08 Franck Songo'o
0%
Nigeria Crystal Palace 2017-18 Freddie Ladapo
0%
Central African Republic Burnley 2009-10 Frederic Nimani
0%
Nigeria Luton 2023-24 Fred Onyedinma
0%
Cameroon Wolves 2009-12 George Elokobi
0%
Nigeria Crystal Palace 1992-95 George Ndah
0%
Nigeria Reading 2012-13 Hope Akpan
0%
Senegal Reading, Stoke, Hull 2006-10 Ibrahima Sonko
0%
Nigeria West Brom 2002-03 Ifeanyi Udeze
0%
Nigeria Wolves 2003-04 Isaac Okoronkwo
0%
Mali Reading, Crystal Palace 2007-08, 2012-14 Jimmy Kebe
0%
Nigeria Wigan 2006-08 Julius Aghahowa
0%
Senegal Sunderland 2012-13 Kader Mangane
0%
Seychelles Fulham 2001-02 Kevin Betsy
0%
Senegal Bolton 2004-06 Khalilou Fadiga
0%
South Africa Leicester 2020-21 Khanya Leshabela
0%
Senegal Newcastle 2007-08 Lamine Diatta
0%
Congo Portsmouth 2007-08 Lucien Aubey
0%
Cameroon Man City 2002-03 Lucien Mettomo
0%
Ghana Fulham 2003-04 Malik Buari
0%
South Africa Newcastle 2005-07 Matty Pattison
0%
South Africa Spurs 2003-05 Mbulelo Mabizela
0%
Guinea-Bissau Fulham 2013-14 Mesca
0%
DR Congo Watford 1999-2000 Michael Ngonge
0%
Algeria Spurs 1997-99 Moussa Saib
0%
Zambia Ipswich 1994-95 Neil Gregory
0%
Ivory Coast Birmingham 2002-06 Olivier Tebily
0%
Ghana QPR 2011-12 Patrick Agyemang
0%
Cameroon Sunderland 2001-02 Patrick M'Boma
0%
Nigeria Watford 2021-22 Peter Etebo
0%
South Africa Leeds 1994-96 Phil Masinga
0%
Cameroon Fulham 2002-03 Pierre Wome
0%
Cameroon Portsmouth 2006-07 Roudolphe Douala
0%
Cameroon Leeds, Wigan 2003-04, 2007-08 Salomon Olembe
0%
DR Congo Blackburn 2006-07 Shabani Nonda
0%
Nigeria Hull 2013-15 Sone Aluko
0%
Ivory Coast Wigan 2009-12 Steve Gohouri
0%
Morocco Southampton, Charlton 1999-2003 Tahar El Khalej
0%
Congo West Brom 2013-14 Thievy Bifouma
0%
Cameroon Portsmouth 2004-05 Valery Mezague
0%
Algeria Sheff Utd 2023-24 Yasser Larouci
0%
Togo Southampton 2003-05 Yoann Folly
0%
Morocco Coventry 1999-2001 Youssef Chippo
0%
No matching quizzes found
Score Distribution
Percent of People with Each Score
Percentile by Number Answered
Your Score History
You have not taken this quiz since the last reset